|
|
|
|
| LEADER |
01273nam a22002897a 4500 |
| 001 |
35783 |
| 003 |
BD-DhAAL |
| 005 |
20211206114436.0 |
| 008 |
200301t2003 bg b 001 0 eng|d |
| 999 |
|
|
|c 42274
|d 42274
|
| 020 |
|
|
|a 9840744070
|
| 020 |
|
|
|a 9789840744077
|
| 040 |
|
|
|a BD-DhAAL
|
| 082 |
|
|
|a 398.20954
|2 22
|
| 100 |
|
|
|a Islam, Mazharul.
|9 39641
|
| 245 |
|
|
|a A history of folktale collections in British India /
|b Mazharul Islam.
|
| 260 |
|
|
|a Dhaka :
|b Bangla Academy,
|c 2003.
|
| 300 |
|
|
|a 232 pages ;
|c 22 cm.
|
| 500 |
|
|
|a Originally presented as the author's thesis (PhD Indiana University, 1963 under title: A history of English folktale collections in India and Pakistan.
|
| 504 |
|
|
|a Includes bibliographical references (pages [194] – 216) and index.
|
| 526 |
|
|
|a BIED
|
| 541 |
|
|
|a Complimentary copy from BIED
|e 35783
|
| 650 |
|
|
|a Folk literature
|z India
|x History and criticism.
|9 39642
|
| 650 |
|
|
|a Folk literature
|z Pakistan
|x History and criticism.
|9 39643
|
| 852 |
|
|
|a Ayesha Abed Library
|c BIED Collection
|
| 942 |
|
|
|2 ddc
|c BK
|
| 952 |
|
|
|0 0
|1 0
|2 ddc
|4 0
|6 398_209540000000000_ISL
|7 0
|9 68050
|a BRACUL
|b BRACUL
|c GEN
|d 2020-03-01
|e Complimentary copy from BIED
|l 0
|o 398.20954 ISL
|p 3010035783
|r 2020-03-01
|t 1
|w 2020-03-01
|y BK
|x Transferred from BIED to General Stacks
|